Memoria del curso de 1885 á 1886, leída por el Secretario de la Escuela en la solemne apertura del de [sic] 1886 á 1887 en cumplimiento del articulo 100 de su Reglamento. (Record no. 153705)
[ view plain ]
| 000 -LEADER | |
|---|---|
| campo de control de longitud fija | 00791nam a22001815i 4500 |
| 001 - NÚMERO DE CONTROL | |
| campo de control | 153705 |
| 003 - IDENTIFICADOR DE NÚMERO DE CONTROL | |
| campo de control | ES-MaACL |
| 005 - FECHA Y HORA DE LA ÚLTIMA TRANSACCIÓN | |
| campo de control | 20230906205342.0 |
| 008 - DATOS DE LONGITUD FIJA--INFORMACIÓN GENERAL | |
| campo de control de longitud fija | 041025s1886 cu |||| | spa d |
| 040 ## - FUENTE DE CATALOGACIÓN | |
| Centro catalogador/agencia de origen | CAM |
| Lengua de catalogación | spa |
| Centro/agencia transcriptor | CAM |
| 110 2# - ENTRADA PRINCIPAL--NOMBRE DE ENTIDAD CORPORATIVA | |
| Nombre de entidad corporativa o nombre de jurisdicción como elemento de entrada | Escuela de Artes y Oficios de La Habana. |
| 9 (RLIN) | 137774 |
| 245 10 - MENCIÓN DEL TÍTULO | |
| Título | Memoria del curso de 1885 á 1886, leída por el Secretario de la Escuela en la solemne apertura del de [sic] 1886 á 1887 en cumplimiento del articulo 100 de su Reglamento. |
| 260 ## - PUBLICACIÓN, DISTRIBUCIÓN, ETC. | |
| Lugar de publicación, distribución, etc. | La Habana : |
| Nombre del editor, distribuidor, etc. | [s.n.], |
| Fecha de publicación, distribución, etc. | 1886 ( |
| Fabricante | Imprenta "La Razón") |
| 300 ## - DESCRIPCIÓN FÍSICA | |
| Extensión | 55 p. ; |
| Dimensiones | 30 cm. |
| 610 2# - PUNTO DE ACCESO ADICIONAL DE MATERIA--NOMBRE DE ENTIDAD CORPORATIVA | |
| Nombre de entidad corporativa o nombre de jurisdicción como elemento de entrada | Escuela de Artes y Oficios de La Habana. |
| 9 (RLIN) | 137774 |
| 700 11 - ENTRADA AGREGADA--NOMBRE PERSONAL | |
| Nombre de persona | Pérez-Beato, Manuel. |
| 9 (RLIN) | 90666 |
| 852 ## - LOCALIZACIÓN | |
| Ubicación | ES-MaACL |
| Número de control de estantería | T-446-F-6 |
| Nota libre | -- Enc. hol. |
| condición física | -- Falto de la cub. original |
| Nota libre | -- Enc. en un vol. facticio |
| Estatus retirado | Estado de pérdida | Estado de daño | No para préstamo | Colección | Biblioteca de origen | Biblioteca actual | Ubicación en estantería | Fecha de adquisición | Total de préstamos | Signatura topográfica completa | Código de barras | Visto por última vez | Precio de reemplazo | Tipo de ítem Koha |
|---|---|---|---|---|---|---|---|---|---|---|---|---|---|---|
| Colección de folletos | Biblioteca del Ateneo de Madrid | Biblioteca del Ateneo de Madrid | Depósito folletos | 17/01/2008 | T-446-F-6 | 1160689 | 23/02/2023 | 23/02/2023 | Folleto |
